| 000 | 01153cam a22002653a 4500 | ||
|---|---|---|---|
| 001 | 1233 | ||
| 003 | PGUSA | ||
| 005 | 20140828082958.0 | ||
| 008 | 980301s1998||||xxu|||||s|||||000 | eng d | ||
| 040 |
_aPGUSA _beng |
||
| 042 | _adc | ||
| 050 | 4 | _aQP | |
| 050 | 4 | _aBF | |
| 100 | 1 |
_aCrile, George Washington, _d1864-1943 |
|
| 245 | 1 | 4 |
_aThe Origin and Nature of the Emotions; Miscellaneous Papers _h[electronic resource] / _cGeorge Washington Crile |
| 260 |
_bProject Gutenberg, _c1998 |
||
| 505 | 0 | _aPhylogenetic association in relation to certain medical problems -- Phylogenetic association in relation to the emotions -- Pain, laughter, and crying -- The relation between the physical state of the brain-cells and brain functions: experimental and clinical -- A mechanistic view of psychology -- A mechanistic theory of disease -- The kinetic system -- Alkalescence, acidity, anesthesia: a theory of anesthesia. | |
| 506 | _aPublic domain in the USA. | ||
| 516 | _aElectronic text | ||
| 653 | _aPsychophysiology | ||
| 653 | _aEmotions | ||
| 830 | 0 |
_aProject Gutenberg _v1233 |
|
| 856 | 4 | 0 | _uhttp://www.gutenberg.org/ebooks/1233 |
| 942 | _cEB | ||
| 999 |
_c230581 _d230581 |
||